Suomen rautatietunnelit - Statistics

Yleistilastot
  • Tätä visaa on pelattu 36 kertaa
  • Keskiarvotulos 13 / 44
Vastaustilastot
Rataosa Pituus (m) Tunneli % Oikein
Jyväskylä-Pieksämäki 1 429 Pönttövuori
85%
Kerava-Vuosaari 13 575 Savio
74%
Huopalahti-Havukoski 8 260 Lentoasema
70%
Tampere-Jyväskylä 4 293 Lahdenvuori
67%
Helsinki-Turku 200 Högbacka
63%
Jyväskylä-Haapajärvi 2 735 Kangasvuori
59%
Haapamäki-Jyväskylä 350 Möykynmäki
52%
Helsinki-Turku 99 Espoo
44%
Helsinki-Turku 186 Halikko
44%
Tampere-Jyväskylä 2 475 Paasivuori
44%
Tampere-Jyväskylä 1 093 Keljonkangas I
41%
Tampere-Jyväskylä 224 Keljonkangas II
37%
Kerava-Vuosaari 651 Labbacka
37%
Tampere-Jyväskylä 771 Paavalinvuori
37%
Pieksämäki-Kontiomäki 1 003 Pieni Neulamäki
37%
Huopalahti-Havukoski 230 Malminkartano
33%
Helsinki-Turku 531 Tottola
33%
Huopalahti-Havukoski 432 Kivistö
30%
Helsinki-Turku 531 Pepallonmäki
30%
Helsinki-Turku 273 Riddarbacken
30%
Kouvola-Pieksämäki 191 Vuohijärvi
30%
Kouvola-Pieksämäki 180 Venekallio
26%
Lappeenranta–Metsä-Saimaa 198 Voisalmensaari
26%
Kouvola-Kotka 388 Kehä II
22%
Tampere-Jyväskylä 262 Matomäki
22%
Pieksämäki-Kontiomäki 249 Mustamäki
22%
Juurikorpi-Hamina 765 Suurivuori
22%
Kouvola-Pieksämäki 418 Kulonpalonvuori
19%
Tampere-Jyväskylä 399 Lautakkomäki
19%
Helsinki-Turku 187 Lillgård
19%
Tampere-Jyväskylä 153 Sahinmäki
19%
Helsinki-Turku 43 Köpskog
15%
Parikkala-Savonlinna 336 Kyrönniemi
15%
Helsinki-Turku 1 240 Märjänmäki
15%
Helsinki-Turku 101 Åminne
11%
Helsinki-Turku 298 Bäljens
11%
Helsinki-Turku 265 Harmaamäki
11%
Helsinki-Turku 436 Haukkamäki
11%
Helsinki-Turku 99 Kaivosmäki
11%
Helsinki-Turku 582 Lavianmäki
11%
Pieksämäki-Kontiomäki 283 Mustavuori I
11%
Pieksämäki-Kontiomäki 374 Mustavuori II
11%
Imatra-Joensuu 26 Paksuniemi
11%
Helsinki-Turku 775 Lemunmäki
7%
Ehtoja vastaavia visoja ei löytynyt
Tulosjakauma
Jokaisen tuloksen saaneiden osuus
Persentiili vastausten määrän mukaan
Tuloshistoriasi
Et ole pelannut tätä visaa